| 000 | 01399nas a2200301 a 4500 | ||
|---|---|---|---|
| 005 | 20170522103502.0 | ||
| 008 | 080214c20069999bl || p f| 0por c | ||
| 022 | _a1981-8114 | ||
| 040 |
_aCGU _cCGU _dCGU _dCO-BoIAVH |
||
| 041 | 0 | _apor | |
| 044 | _abl | ||
| 049 | _aCGUA | ||
| 090 | _aSE | ||
| 245 | 0 | 0 |
_aBoletim do Museu Paraense Emílio Goeldi. _pCiências naturais. |
| 246 | 3 | _aCiências naturais | |
| 260 |
_aBelém (Brasil) : _bMinistério da Ciência e Tecnologia, Museu Paraense Emílio Goeldi, _c2006- |
||
| 300 |
_billustraciones y mapas ; _c26 x 22 cm. |
||
| 546 | _aChiefly in Portuguese with some articles in English and Spanish; abstracts in Portuguese and English or Spanish. | ||
| 650 | 2 | 6 |
_aHistoria natural _zBrasil _vPublicaciones periódicas |
| 650 | 2 | 6 |
_aCiencias naturales _zBrasil _vPublicaciones periódicas |
| 650 | 2 | 6 |
_aBotánica _zBrasil _vPublicaciones periódicas |
| 650 | 2 | 6 |
_aEcología _zBrasil _vPublicaciones periódicas |
| 710 | 2 | _aMuseu Paraense Emílio Goeldi. | |
| 710 | 1 |
_aBrasil _bMinistério da Ciência e Tecnologia |
|
| 776 | 0 | 8 |
_iOnline version: _aBoletim do Museu Paraense Emílio Goeldi. Ciências naturais _w(OCoLC)276360264 _w(ICU)10782520 |
| 780 | 0 | 0 |
_tBoletim do Museu Paraense Emílio Goeldi. Série ciências naturais _x1807-5401 _w(DLC) 2007262004 _w(OCoLC)82372385 _w(ICU)6231611 |
| 942 |
_2z _cREVISTA |
||
| 999 |
_c19505 _d19505 |
||